| 000 | 00728nam a2200229Ia 4500 | ||
|---|---|---|---|
| 003 | IN-BaIIA | ||
| 008 | 211028s9999 xx 000 0 eng d | ||
| 020 | _a3-540-16317-4 | ||
| 040 | _cIIA Library | ||
| 080 |
_a519.68 _bEND |
||
| 100 |
_aEnderle, G _915283 |
||
| 245 | 0 |
_aComputer graphics programming _bGKS-the graphics standard _cG. Enderle, K. Kansy and Pfaff, G |
|
| 250 | _a2nd ed. | ||
| 260 |
_aBerlin _bSpringer-Verlag _c1987 |
||
| 300 | _axxiii, 651p. | ||
| 490 | _aSpringer-series symbolic computation, computer graphics-syst | ||
| 650 | _aComputer graphics | ||
| 650 | _aNASA thesaurus | ||
| 700 |
_aKansy, K _915284 |
||
| 700 |
_aPfaff, G _915285 |
||
| 942 | _cBK | ||
| 999 |
_c9103 _d9103 |
||